000 00376nam a2200145Ia 4500
008 151213s9999 xx 000 0 und d
100 _aPeter Yalison
245 _aErnestine's Clocks , Poincianas Mops
_cPeter Yalison
260 _aLondon
_bW. W. Norton
_c2003
300 _a2035 p.
650 _aManagement
650 _aManagement
700 _aPeter Yalison
999 _c1492
_d1492